01004 2200313 4500001002100000005001500021035002000036007000300056008004100059020002200100082001500122084001700137100003300154245013300187250003400320300003000354650001100384700004200395264004600437336002100483337003000504338002300534040002200557090002200579850001200601999002200613504003300635990002200668INLIS00000000088080620230809024745 a0010-0823000296ta230809s2023 yoi g | ind d a978-623-400-883-804223a808.51 a808.51 TRI s0 aTri Ayom MahdiyahePengarang10aSeni berpidato :bsukses memikat audiens kapan saja dan di mana saja /cTri Ayom Mahdiyah; penyunting, Jemima Jannah Darla Putri aCetakan Pertama: Agustus 2023 axii, 212 halaman ;c19 cm 4aPidato0 aJemima Jannah Darla PutriePenyunting31aYogyakarta :bAnak Hebat Indonesia,c2023 2rdacontentateks 2rdamediaatanpa perantara 2rdacarrieravolume aYOPDYOGbinderda aCB-D.11 2023-1622 aYOPDYOG aCB-D.11/2023-1622 aBibliografi: halaman 210-211 aCB-D.11/2023-1622